Представление документа в формате RUSMARC

ПолеНазваниеЗначение
  Тип записи a
  Библиографический уровень m
001 Контрольный номер RU/IS/BASE/437648664
005 Дата корректировки 20201206204904.0
010 Индекс ISBN __
a ISBN 978-5-7379-0429-6
d Цена 126-89
101 Язык документа 0_
a Язык текста rus
200 Заглавие и сведения об ответственности 1_
a Заглавие Клавирная музыка Баха в фортепианном классе
f Первые сведения об ответственности Н. Калинина
b Общее обозначение материала Текст
205 Сведения об издании __
a Основные сведения об издании Изд. 3-е
210 Выходные данные __
a Место издания Санкт-Петербург
c Издательство Композитор. Санкт-Петербург
d Дата издания 2010
215 Физическое описание __
a Объем 156, [4] с.
c Иллюстрации/тип воспроизводства нот.
320 Библиография __
a Библиография Библиогр. в подстроч. прим.
330 Аннотация __
a Аннотация В этой книге, обобщающей большой педагогический опыт автора, прослеживается путь начинающего пианиста в мире полифонии. Основываясь на идеях И. А. Браудо - прославленного знатока творчества Баха, Нина Петровна Калинина излагает методические принципы работы пианистов над произведениями композитора.
600 Персоналии __
a Персоналии (Фамилия) Бах, И. С.
c Дополнение к имени композитор немецкий
f Даты 1685-1750
g Полное имя Иоганн Себастьян
606 Тематические рубрики __
a Основная рубрика Музыка и зрелищные искусства
606 Тематические рубрики __
a Основная рубрика Инструментальная музыка
610 Ключевые слова __
a Ключевые слова музыкальное исполнительство; исполнительство; клавирная музыка; фортепианная игра; фортепианная музыка; игра на фортепиано; полифония
686 Индексы других классификаций __
a Классификационный индекс 85.315.4
700 Автор _1
a Фамилия Калинина
b Имя Н. П.
g Полное личное имя Нина Петровна
4 Код отношения 070
801 Источник записи _0
a Страна RU
b Организация Муниципальное бюджетное учреждение культуры "Централизованная библиотечная система" г. Сургут (Центральная городская библиотека им. А. С. Пушкина)
g Правила каталогизации КиК/Котельникова
801 Источник записи _1
a Страна RU
b Организация Муниципальное бюджетное учреждение культуры "Централизованная библиотечная система" г. Сургут (Центральная городская библиотека им. А. С. Пушкина)
g Правила каталогизации КиК/Котельникова
852 Данные о местонахождении __
j Шифр хранения 85.315.4
i Авторский знак К 17
901 Тип документа __
t Тип документа m
903 Характеристики (МАРС) __
a Дата передачи 20131112
990 Данные о заказе (DOS) __
j Количество экземпляров (DOS) 3
t N записи в КСУ для И/У (DOS) 201311